Thermodynamics (Record no. 7801)

000 -LEADER
fixed length control field 00495nam a22002057a 4500
001 - CONTROL NUMBER
control field 7801
003 - CONTROL NUMBER IDENTIFIER
control field BD-DhUET
008 - FIXED-LENGTH DATA ELEMENTS--GENERAL INFORMATION
fixed length control field 141212b xxu||||| |||| 00| 0 eng d
040 ## - CATALOGING SOURCE
Transcribing agency 0
Modifying agency BD-DhUET
082 ## - DEWEY DECIMAL CLASSIFICATION NUMBER
Classification number 621.01
Item number OBE/1963
100 ## - MAIN ENTRY--PERSONAL NAME
Personal name Obert, Edward F.
245 ## - TITLE STATEMENT
Title Thermodynamics
250 ## - EDITION STATEMENT
Edition statement 2nd ed.
260 ## - PUBLICATION, DISTRIBUTION, ETC. (IMPRINT)
Place of publication, distribution, etc. New York
Name of publisher, distributor, etc. McGraw-Hill Book
Date of publication, distribution, etc. 1963
300 ## - PHYSICAL DESCRIPTION
Extent xxi,596p.
504 ## - BIBLIOGRAPHY, ETC. NOTE
Bibliography, etc Includes bibliographies
650 #0 - SUBJECT ADDED ENTRY--TOPICAL TERM
Topical term or geographic name as entry element Thermodynamics
700 ## - ADDED ENTRY--PERSONAL NAME
Personal name Gaggioli, Richard A.
942 ## - ADDED ENTRY ELEMENTS (KOHA)
Koha item type General Book
Holdings
Copy number Koha date last seen Damaged status Date acquired Source of classification or shelving scheme Shelving location Koha item type Piece designation (barcode) Koha full call number Not for loan Koha normalized classification for sorting Price effective from Location (home branch) Sublocation or collection (holding branch) Lost status Withdrawn status
12014-12-12 2014-12-12 Circulation sectionGeneral Book6402621.01/OBE/1963 621_010000000000000_OBE_19632014-12-12Central Library, BUETCentral Library, BUET  
22014-12-12 2014-12-12 Circulation sectionGeneral Book6403621.01/OBE/1963 621_010000000000000_OBE_19632014-12-12Central Library, BUETCentral Library, BUET  
32014-12-12 2014-12-12 Circulation sectionGeneral Book15731621.01/OBE/1963 621_010000000000000_OBE_19632014-12-12Central Library, BUETCentral Library, BUET  
42014-12-12 2014-12-12 Circulation sectionGeneral Book18703621.01/OBE/1963 621_010000000000000_OBE_19632014-12-12Central Library, BUETCentral Library, BUET  
52014-12-12 2014-12-12 Circulation sectionGeneral Book18706621.01/OBE/1963 621_010000000000000_OBE_19632014-12-12Central Library, BUETCentral Library, BUET  
62014-12-12 2014-12-12 Circulation sectionGeneral Book18708621.01/OBE/1963 621_010000000000000_OBE_19632014-12-12Central Library, BUETCentral Library, BUET  
72014-12-12 2014-12-12 Circulation sectionGeneral Book18705621.01/OBE/1963 621_010000000000000_OBE_19632014-12-12Central Library, BUETCentral Library, BUET  
82014-12-12 2014-12-12 Circulation sectionGeneral Book18702621.01/OBE/1963 621_010000000000000_OBE_19632014-12-12Central Library, BUETCentral Library, BUET  
92015-04-12 2015-04-12 Circulation sectionGeneral Book18707621.01/OBE/1963 621_010000000000000_OBE_19632015-04-12Central Library, BUETCentral Library, BUET